1600 1907 1009 1226 1299 1678 1747 1473 1176 1146 1298 1955 1306 1745 1754 1909 1099 1506 1722 1245 1786 1562 1522 1152 1031 1539 1811 1147 1085 1836 1590 1192 1559 1798 1430 1302 1966 1748 1900 1186 1199 1261 1217 1127 1300 1142 1706 1579 1033 1545 1419 1680 1711 1873 1328 1541 1783 1538 1210 1303 1628 1400 1780 1599 1356 1276 1991 1160 1383 1312 1091 1238 1655 1874 1441 1375 1622 1404 1756 1213 1146 1889 1445 1840 1081 1539 1003 1046 1553 1524 1097 1064 1675 1120 1471 1543 1823 1755 1480 BCNSPRNW ULIB Ver.6.0+V

เปลี่ยนเป็นภาษาไทย

Change to English
 แสดงรายละเอียดบรรณานุกรม
  กลับหน้าหลัก

Brief Record : Get Marc (ISO 2709) : E-mail record : QR code < ปิดหน้าต่าง
LEADER : 00000nam 2200000uu 4500
001    13399115024
003     ULIB
008    020711s2006 th a 000 0 eng d
020    ^a9780323037266
060    ^aQZ4^bZ58M
100    ^aJoann Zerwekh
245    ^aMosby s Pathophysiology Memory NoteCards: Visual, Mnemonic, and Memory Aids for Nurses/^cJoann Zerwekh, Jo Carol Claborn, Tom Gaglione
250    ^a1stth ed
260    ^aSt.Louis :^bMosby Elsevier,^c2006
300    ^a202 pages
650     Pathophysiology
945    ^p699^l0^i027441
999    ^aวรรณษา ชูชัยมงคล
รายการนี้ยังไม่มีแท็ก
คุณยังไม่ได้ล็อกอิน คุณสามารถมีกิจกรรมร่วมกับเว็บไซต์ได้ แต่ต้องล็อกอินก่อน ::
  ล็อกอิน

รายการสื่อสารสนเทศ

ลำดับที่ ประเภท เลขเรียก/บาร์โค้ด สถานที่ สถานะ
- ไม่พบข้อมูล -

รายการใกล้เคียง
    ผู้แต่ง [Joann Zerwekh]

    หัวเรื่อง [Pathophysiology]

BibComment


ยังไม่เคยถูกคอมเมนท์

คอมเมนท์ทรัพยากรรายการนี้
  คอมเมนท์: Mosby s Pathophy..


 Copyright 2026. Bcnsprnw @Library